Nettoyeurs connus dans Gachiakuta - Statistiques

Statistiques générales
  • Ce quiz a été pris 22 fois
  • Le résultat moyen est 7 sur 19
Statistiques - réponses
Par images Réponse % Correct
Enjin
92%
Rudo
92%
Riyo
75%
Zanka
67%
Amo
58%
Semiu
58%
Tamsy
58%
Fu
42%
Guita
42%
Delmon
33%
Dia Santa
33%
Bro Santa
17%
Eishia
17%
Alpha Corvus
8%
Otto
8%
Shikage
8%
Epalte
0%
Meriege
0%
Mildretta
0%
Aucun quiz correspondant
Distribution des résultats
% des personnes avec chaque résultat
Percentile par nombre de réponses
Votre historique - résultats
Vous n’avez pas pris ce quiz